Open Data Biblioteca Nacional de Portugal


República Portuguesa: Ministério da Cultura
Biblioteca Nacional de Portugal

Catálogo da BNP: acesso por Identificadores Unívocos
Registos Bibliográficos associados ao registo de autoridade

Etiqueta de registo: 00254nam 2200025 450
001 2135346
003 http://id.bnportugal.gov.pt/bib/catbnp/2135346
010 ## $a978-989-8349-71-2
021 ## $aPT$b507721/22
100 ## $a20230622d2022 m a0pory01030103ba
101 0# $apor
102 ## $aPT
105 ## $ay z 000by
106 ## $ar
200 1# $aCasa portuguesa$fPedro Penim
210 #9 $aLisboa$cTeatro Nacional D. Maria II$cBicho do Mato,$d2022
215 ## $a85, [2] p.$d21 cm
675 ## $a821.134.3-2"20"$vBN$zpor$31054329
700 #1 $aPenim,$bPedro,$f1975-$31885562
801 #0 $aPT$bBN$gRPC
856 41 $uhttp://rnod.bnportugal.gov.pt/ImagesBN/winlibimg.aspx?skey=&doc=2135346&img=180460&save=true
900 ## $aBIBNAC$d20230703
966 ## $lBN$mFGMON$pDGLAB$sL. 120123 P.$x3
966 ## $lBN$mFGMON$sL. 166182 V.$x1
966 ## $lBN$mFGMON$sL. 166182 V.-D$x1
971 ## $cdpenetra$d20230622
972 ## $e0$z0$d20230703$vmsebas
973 ## $cigoulao$d20230627
974 ## $d20230821$e0$vaalmeid

Etiqueta de registo: 00000nam 2200025 450
001 2155835
003 http://id.bnportugal.gov.pt/bib/catbnp/2155835
010 ## $a978-989-8349-73-6
021 ## $aPT$b522416/23
100 ## $a20240207d2023 m y0pory01030103ba
101 0# $apor
102 ## $aPT
105 ## $ay z 000by
106 ## $ar
200 1# $a A farsa de Inês Pereira$f por Pedro Penim a partir de Gil Vicente
210 #9 $aSilveira$cBicho do Mato ; $a[S.l.]$cTeatro Nacional D. Maria II,$d2023
215 ## $a110, [2] p.$d20 cm
675 ## $a821.134.3-2"20"$vBN$zpor$31054329
700 #1 $aPenim,$bPedro,$f1975-$31885562
702 #1 $aVicente,$bGil,$fca. 1465-ca. 1536$4100$310663
801 #0 $aPT$bBN$gRPC
856 41 $uhttp://rnod.bnportugal.gov.pt/ImagesBN/winlibimg.aspx?skey=&doc=2155835&img=189016&save=true
900 ## $aBIBNAC$d20240227
966 ## $lBN$mFGMON$sL. 120783 P.$x1
966 ## $lBN$mFGMON$sL. 120783 P.-D$x1
966 ## $lBN$mFGMON$sL. 121194 P.$x3
971 ## $corlando$d20240207
972 ## $d20240227$e0$vlrevez$z0
973 ## $canasil$d20240209

Etiqueta de registo: 00000nam 2200025 450
001 2174593
003 http://id.bnportugal.gov.pt/bib/catbnp/2174593
010 ## $a978-989-568-153-2
021 ## $aPT$b533183/24
100 ## $a20240802d2024 m y0pory01030103ba
101 0# $apor
102 ## $aPT
105 ## $ay z 000ay
106 ## $ar
200 1# $aPais & filhos$fPedro Penim
205 ## $a1ª ed
210 #9 $a[S.l.]$cSistema Solar,$d2024
215 ## $a113, [4] p.$d24 cm
225 2# $aSérie
532 13 $aPais e filhos
675 ## $a821.134.3-2"20"$vBN$zpor$31054329
700 #1 $aPenim,$bPedro,$f1975-$31885562
801 #0 $aPT$bBN$gRPC
856 41 $uhttp://rnod.bnportugal.gov.pt/ImagesBN/winlibimg.aspx?skey=&doc=2174593&img=196624&save=true
900 ## $aBIBNAC$d20240827
966 ## $lBN$mFGMON$sL. 172199 V.$x1
966 ## $lBN$mFGMON$sL. 172199 V.-D$x1
971 ## $cjbeatriz$d20240802
972 ## $e0$z0$d20240827$viquintas
973 ## $cigoulao$d20240805

Etiqueta de registo: 00000nam 2200025 450
001 2214547
003 http://id.bnportugal.gov.pt/bib/catbnp/2214547
010 ## $a978-989-8349-83-5
021 ## $aPT$b545282/25
100 ## $a20250515d2025 m y0pory01030103ba
101 0# $apor
102 ## $aPT
105 ## $ay z 000yy
106 ## $ar
200 1# $aQuis saber quem sou$fPedro Penim
210 #9 $aLisboa$cTeatro Nacional D. Maria II ;$aSilveira$cBicho do Mato,$dcop. 2025
215 ## $a119, [3] p.$d20 cm
700 #1 $aPenim,$bPedro,$f1975-$31885562
801 #0 $aPT$bBN$gRPC
966 ## $lBN$mFGMON$pOferta do editor
971 ## $ccsilva$d20250602

Etiqueta de registo: 00000nam 2200025 450
001 2222478
003 http://id.bnportugal.gov.pt/bib/catbnp/2222478
010 ## $a978-989-8349-83-5
021 ## $aPT$b545282/25
100 ## $a20250806d2025 m y0pory01030103ba
101 0# $apor
102 ## $aPT
105 ## $ay z 000by
106 ## $ar
200 1# $aQuis saber quem sou - um concerto teatral$fPedro Penim
210 #9 $aLisboa$cTeatro Nacional D. Maria II ;$aSilveira$cBicho-do-Mato,$d2025
215 ## $a119, [3] p.$d20 cm
675 ## $a821.134.3-2"20"$vBN$zpor$31054329
700 #1 $aPenim,$bPedro,$f1975-$31885562
801 #0 $aPT$bBN$gRPC
856 41 $uhttp://rnod.bnportugal.gov.pt/ImagesBN/winlibimg.aspx?skey=&doc=2222478&img=212377&save=true
900 ## $aBIBNAC$d20250924
966 ## $lBN$mFGMON$sL. 123248 P.$x1
966 ## $lBN$mFGMON$sL. 123248 P.-D$x1
971 ## $corlando$d20250806
972 ## $e0$z0$d20250924$vasantos
973 ## $ctrodrigues$d20250917

OpendataBNP@bnportugal.pt | Mais informação sobre acesso aos dados BNP